000 00314 a2200145 4500
001 169193
020 _a
040 _cMagnum
100 _aStein, Suzana Albornoz
240 1 0 _aPor uma educacao libertadora
_lpor
245 1 0 _aPor uma educacao libertadora
362 0 _a1899
697 _aENSINO
942 _cBK
999 _c169193
_d169193